| 000 | 00710nam a2200289Ia 4500 | ||
|---|---|---|---|
| 005 | 20260324141324.0 | ||
| 008 | 008 260324s9999 xx 000 0 eng d | ||
| 020 | _a9780203071946 | ||
| 037 | _aEBOOK | ||
| 040 | _aCRL | ||
| 040 | _beng | ||
| 040 | _cCRL | ||
| 041 | _2eng | ||
| 041 | _aeng | ||
| 084 | _qCRL | ||
| 100 |
_aAndrew Herod; Geroid O Tuathail; Susan M. Roberts _91207762 |
||
| 245 | 3 | _aAn Unruly World? | |
| 245 | 0 | _bGlobalization, Governance and Geography | |
| 260 | _bTaylor and Francis | ||
| 260 | _c1997 | ||
| 365 | _a | ||
| 365 | _b205 | ||
| 856 | _uhttp://www.taylorfrancis.com/books/9780203071946 | ||
| 942 | _cEBOOK | ||
| 999 |
_c1810716 _d1810716 |
||